Acta polytechnica : Práce ČVUT v Praze. Řada 3, Elektrotechnická
Saved in:
| New Title | Acta polytechnica |
|---|---|
| Previous Title | Práce ČVUT v Praze. Řada 3, Elektrotechnická |
| Corporate Author | |
| Format | Journal |
| Language | Czech |
| Published |
Praha :
SPN,
1966-1991
|
| Subjects | |
| ISSN | 0374-2474 1210-2709 |
| Physical Description | 23 sv. ; 25 cm |
Cover
| LEADER | 00000nas a2200000 a 4500 | ||
|---|---|---|---|
| 001 | 27699 | ||
| 003 | CZ-ZlUTB | ||
| 005 | 20250624132752.0 | ||
| 008 | 900715d19661991xr br p | b0cze | ||
| 952 | |0 0 |1 0 |4 0 |7 0 |8 ISSBD |9 56903 |a UTBZL |b UTBZL |c 001 |d 2006-07-29 |h 1979, č.1-3 |l 0 |p B100 |r 2019-08-25 00:00:00 |w 2019-08-25 |y 01 | ||
| 952 | |0 0 |1 0 |4 0 |7 0 |8 ISSBD |9 56904 |a UTBZL |b UTBZL |c 001 |d 2006-07-29 |h 1980, č.1-3 |l 0 |p B101 |r 2019-08-25 00:00:00 |w 2019-08-25 |y 01 | ||
| 952 | |0 0 |1 0 |4 0 |7 0 |8 ISSBD |9 56905 |a UTBZL |b UTBZL |c 001 |d 2006-07-29 |h 1981, č.1-4 |l 0 |p B102 |r 2019-08-25 00:00:00 |w 2019-08-25 |y 01 | ||
| 952 | |0 0 |1 0 |4 0 |7 0 |8 ISSBD |9 56906 |a UTBZL |b UTBZL |c 001 |d 2006-07-29 |h 1982, č.1-5 |l 0 |p B103 |r 2019-08-25 00:00:00 |w 2019-08-25 |y 01 | ||
| 952 | |0 0 |1 0 |4 0 |7 0 |8 ISSBD |9 56907 |a UTBZL |b UTBZL |c 001 |d 2006-07-29 |h 1983, č.1-4 |l 0 |p B104 |r 2019-08-25 00:00:00 |w 2019-08-25 |y 01 | ||
| 952 | |0 0 |1 0 |4 0 |7 0 |8 ISSBD |9 56908 |a UTBZL |b UTBZL |c 001 |d 2006-07-29 |h 1984, č.1-4 |l 0 |p B105 |r 2019-08-25 00:00:00 |w 2019-08-25 |y 01 | ||
| 952 | |0 0 |1 0 |4 0 |7 0 |8 ISSBD |9 56909 |a UTBZL |b UTBZL |c 001 |d 2006-07-29 |h 1985, č.1-4 |l 0 |p B106 |r 2019-08-25 00:00:00 |w 2019-08-25 |y 01 | ||
| 952 | |0 0 |1 0 |4 0 |7 0 |8 ISSBD |9 56910 |a UTBZL |b UTBZL |c 001 |d 2006-07-29 |h 1986, č.1-3 |l 0 |p B107 |r 2019-08-25 00:00:00 |w 2019-08-25 |y 01 | ||
| 952 | |0 0 |1 0 |4 0 |7 0 |8 ISSBD |9 56911 |a UTBZL |b UTBZL |c 001 |d 2006-07-29 |h 1987, č.1-4 |l 0 |p B108 |r 2019-08-25 00:00:00 |w 2019-08-25 |y 01 | ||
| 952 | |0 0 |1 0 |4 0 |7 0 |8 ISSBD |9 56912 |a UTBZL |b UTBZL |c 001 |d 2006-07-29 |h 1988, č.1-4 |l 0 |p B109 |r 2019-08-25 00:00:00 |w 2019-08-25 |y 01 | ||
| 952 | |0 0 |1 0 |4 0 |7 0 |8 ISSBD |9 56913 |a UTBZL |b UTBZL |c 001 |d 2006-07-29 |h 1989, č.1-4 |l 0 |p B110 |r 2019-08-25 00:00:00 |w 2019-08-25 |y 01 | ||
| 952 | |0 0 |1 0 |4 0 |7 0 |8 ISSBD |9 56914 |a UTBZL |b UTBZL |c 001 |d 2006-07-29 |h 1990, č.1-4 |l 0 |p B111 |r 2019-08-25 00:00:00 |w 2019-08-25 |y 01 | ||
| 952 | |0 0 |1 0 |4 0 |7 0 |8 ISSBD |9 56915 |a UTBZL |b UTBZL |c 001 |d 2006-07-29 |h 1991, č.1-4 |l 0 |p B112 |r 2019-08-25 00:00:00 |w 2019-08-25 |y 01 | ||
| 952 | |0 0 |1 0 |4 0 |7 0 |8 ISSBD |9 56916 |a UTBZL |b UTBZL |c 001 |d 2006-07-29 |h 1972, č.2 |l 0 |p B93 |r 2019-08-25 00:00:00 |w 2019-08-25 |y 01 | ||
| 952 | |0 0 |1 0 |4 0 |7 0 |8 ISSBD |9 56917 |a UTBZL |b UTBZL |c 001 |d 2006-07-29 |h 1973, č.1-6 (chybí č.3) |l 0 |p B94 |r 2019-08-25 00:00:00 |w 2019-08-25 |y 01 | ||
| 952 | |0 0 |1 0 |4 0 |7 0 |8 ISSBD |9 56918 |a UTBZL |b UTBZL |c 001 |d 2006-07-29 |h 1974, č.1,2 |l 0 |p B95 |r 2019-08-25 00:00:00 |w 2019-08-25 |y 01 | ||
| 952 | |0 0 |1 0 |4 0 |7 0 |8 ISSBD |9 56919 |a UTBZL |b UTBZL |c 001 |d 2006-07-29 |h 1975, č.1-4 |l 0 |p B96 |r 2019-08-25 00:00:00 |w 2019-08-25 |y 01 | ||
| 952 | |0 0 |1 0 |4 0 |7 0 |8 ISSBD |9 56920 |a UTBZL |b UTBZL |c 001 |d 2006-07-29 |h 1976, č.2,3 |l 0 |p B97 |r 2019-08-25 00:00:00 |w 2019-08-25 |y 01 | ||
| 952 | |0 0 |1 0 |4 0 |7 0 |8 ISSBD |9 56921 |a UTBZL |b UTBZL |c 001 |d 2006-07-29 |h 1977, č.1,2 |l 0 |p B98 |r 2019-08-25 00:00:00 |w 2019-08-25 |y 01 | ||
| 952 | |0 0 |1 0 |4 0 |7 0 |8 ISSBD |9 56922 |a UTBZL |b UTBZL |c 001 |d 2006-07-29 |h 1978, č.1-3 |l 0 |p B99 |r 2019-08-25 00:00:00 |w 2019-08-25 |y 01 | ||
| 999 | |c 27699 |d 27699 | ||
| 015 | |a cnb000356163 |z cnb000497438 |z cnb000497439 | ||
| 022 | |a 0374-2474 | ||
| 040 | |a ABA001 |b cze |d ABA001 | ||
| 043 | |a e-xr--- |b e-xr-pg |2 czenas | ||
| 072 | 7 | |a 621.3 |x Elektrotechnika |2 Konspekt |9 19 | |
| 080 | |a 37 |2 MRF-sel | ||
| 080 | |a 621 |2 MRF-sel | ||
| 080 | |a 050 |2 MRF-sel | ||
| 210 | 1 | |a Acta polytech., Řada 3, Elektrotech. | |
| 222 | 0 | |a Acta polytechnica. Řada 3. Elektrotechnická | |
| 245 | 0 | 0 | |a Acta polytechnica : |b Práce ČVUT v Praze. |n Řada 3, |p Elektrotechnická |
| 246 | 3 | |a Acta polytechnica. |p Řada elektrotechnická | |
| 246 | 1 | |i Zvl.č. v r. 1975: |a 3. vědecká konference ČVUT, Praha, září 1975 | |
| 260 | |a Praha : |b SPN, |c 1966-1991 | ||
| 300 | |a 23 sv. ; |c 25 cm | ||
| 310 | |a 6x ročně | ||
| 362 | 0 | |a 1966-1968, 1972-1991 | |
| 500 | |a Vydává: České vysoké učení technické - rektorát | ||
| 500 | |a Po sloučení 6 řad pokračuje od r. 1992 jediný čas. Acta polytechnica | ||
| 500 | |a Text též cze, ger, eng, rus, fre | ||
| 500 | |a Rozsah a rozměry pro registraci: 6x96+4 s., 170/245 | ||
| 653 | 0 | |a elektrotechnika |a teorie | |
| 710 | 2 | |a České vysoké učení technické v Praze. |b Rektorát |7 kn20010710180 | |
| 780 | 0 | 0 | |t Práce ČVUT v Praze. Řada 3, Elektrotechnická |
| 785 | 0 | 7 | |t Acta polytechnica |x 1210-2709 |
| 900 | |a ABA001 |b 15 | ||
| 910 | |a ZLD002 |r 1972-1991 | ||
| 942 | |2 udc | ||